PODER JUDICIAL DEL ESTADO DE PUEBLA : (Registro nro. 51616)
[ vista simple ]
| 000 -LEADER | |
|---|---|
| fixed length control field | 00704nam a2200193 a 4500 |
| 001 - CONTROL NUMBER | |
| control field | 51616 |
| 005 - DATE AND TIME OF LATEST TRANSACTION | |
| control field | 20180714041130.0 |
| 008 - FIXED-LENGTH DATA ELEMENTS--GENERAL INFORMATION | |
| fixed length control field | 140415s2008 mx 000 0 spa d |
| 041 ## - LANGUAGE CODE | |
| Language code of text/sound track or separate title | spa |
| 082 ## - DEWEY DECIMAL CLASSIFICATION NUMBER | |
| Classification number | 347 |
| Item number | POD |
| 245 00 - TITLE STATEMENT | |
| Title | PODER JUDICIAL DEL ESTADO DE PUEBLA : |
| Remainder of title | INFORME DE ACTIVIDADES ENERO -FEBRERO 2008 |
| 250 ## - EDITION STATEMENT | |
| Edition statement | 1a ed. |
| 260 ## - PUBLICATION, DISTRIBUTION, ETC. | |
| Place of publication, distribution, etc. | MEXICO : |
| Name of publisher, distributor, etc. | TRIBUNAL SUPERIOR DE JUSTICIA DEL ESTADO DE PUEBLA, |
| Date of publication, distribution, etc. | 2008 |
| 300 ## - PHYSICAL DESCRIPTION | |
| Extent | |
| Dimensions | 23 x 1.3 x 28.5 |
| 490 ## - SERIES STATEMENT | |
| Series statement | COL.PUEBLA |
| 500 ## - GENERAL NOTE | |
| General note | COLECCIÓN PUEBLA |
| 520 ## - SUMMARY, ETC. | |
| Summary, etc. | INFORME DE ACTIVIDADES ENERO-FEBRERO 2008 DEL PODER JUDICIAL DEL ESTADO DE PUEBLA |
| 650 14 - SUBJECT ADDED ENTRY--TOPICAL TERM | |
| Topical term or geographic name entry element | JURISPRUDENCIA |
| General subdivision | JUZGADOS |
| -- | PODER JUDICIAL |
| -- | PUEBLA |
| -- | SENTENCIAS |
| -- | MEXICO |
| Withdrawn status | Lost status | Source of classification or shelving scheme | Damaged status | Not for loan | Collection code | Home library | Current library | Shelving location | Date acquired | Source of acquisition | Inventory number | Total Checkouts | Full call number | Barcode | Date last seen | Price effective from | Koha item type |
|---|---|---|---|---|---|---|---|---|---|---|---|---|---|---|---|---|---|
| Dewey Decimal Classification | Consulta en sala | Puebla | Biblioteca Karol Wojtyla | Biblioteca Karol Wojtyla | Área de silencio | 03/12/2013 | Compra | 151000000000000000062202 | 347 POD | 76875 | 05/01/2026 | 03/12/2013 | Libro | ||||
| Dewey Decimal Classification | Consulta en sala | Puebla | Biblioteca Karol Wojtyla | Biblioteca Karol Wojtyla | Área de silencio | 03/12/2013 | Compra | 151000000000000000062201 | 347 POD | 76876 | 05/01/2026 | 03/12/2013 | Libro |